| 000 | 00610nam a2200181Ia 4500 | ||
|---|---|---|---|
| 008 | 090630s9999 xx 000 0 und d | ||
| 082 | _b14296 | ||
| 100 | _aफाटक बा. वा. | ||
| 245 |
_aएक राजा चार चोर. _cफाटक बा. वा. |
||
| 260 |
_bजयहिंद - मुंबई. _c1994 |
||
| 300 | _a24 | ||
| 600 | _aफाटक बा. वा. | ||
| 630 | _aएक राजा चार चोर. | ||
| 655 | _aबालवाङमय. | ||
| 700 | _aफाटक बा. वा. | ||
| 730 | _aएक राजा चार चोर. | ||
| 942 | _cBOOK | ||
| 999 |
_c266152 _d266152 |
||